000 00324nam a2200121Ia 4500
008 240624s9999 xx 000 0 und d
041 _aeng
082 _a658.8 BUS
100 _aBUSINESSWORLD
245 _aMARKETING WHITEBOOK 2009 2010 THE MARKET
260 _c2009
_aNew Delhi
_bBusinessworld
300 _a429 : p. : cm. ; 21
999 _c14047
_d14047